000 00330 a2200145 4500
001 156296
040 _cEscola São Tomás de Aquino
100 _aMACHADO, Ana Maria
240 1 0 _aO distraído sabido
_lpor
245 1 0 _aO distraído sabido
300 _a27
362 0 _a2010
697 _a*LITERATURA INFANTO
942 _cBK
999 _c156296
_d156296